'All' In (5) Quiz Stats

 Plays Quiz Updated Jul 5, 2016

Challenge
Share
Tweet
Embed
Score 0/22 Timer 04:00
4 Plays Today
Clue 5-Letter ALL Word % Correct
God, in IslamAllah
97.6%
Film writer-director WoodyAllen
94.4%
Small pathway behind or between buildingsalley
90.2%
Letallow
88.4%
Actress Berry of 'Monster's Ball'Halle
85.3%
A metallic homogeneous mixturealloy
79.2%
A section of a stable or a restroomstall
73.5%
Kate's TV Partner in the 1980sAllie
68.9%
Charlie Brown's little sisterSally
66.4%
Teenysmall
64.6%
A running totaltally
61.1%
Clue 5-Letter ALL Word % Correct
Cox who voiced Underdog or Beaver Cleaver's brotherWally
51.7%
Mete outallot
49.8%
When doubled, a city in eastern WashingtonWalla
49.4%
Muster forces to action or come from behindrally
48%
Relieve pain or calmallay
44.7%
Dawdle or act playfullydally
34.3%
Actor Timothy who played WormtailSpall
32.2%
Yellow-white lilycalla
29.4%
Verb to express future suretyshall
24.5%
Lighter form of bloody, for a Britbally
22.5%
Actor Adam of 'Happy Endings'Pally
14%

You're not logged in!

Compare scores with friends on all Sporcle quizzes.
OR
Log In

You Might Also Like...

Show Comments

Extras

Top Quizzes Today


Score Distribution

Your Account Isn't Verified!

In order to create a playlist on Sporcle, you need to verify the email address you used during registration. Go to your Sporcle Settings to finish the process.

Report this User

Report this user for behavior that violates our Community Guidelines.

Details: